000
00215 a2200097 4500
001
14696
100
_a
Chaudhuri N.C
245
_a
The continent of cir
260
_a
London
_b
Chatto windus
_c
090
_c
11481
_d
11481
942
_a
NUST-CAE
_c
M
_c
1649
999
_c
249769
_d
249769